[Event "Oregon Closed Championship"]
[Site "Portland, OR"]
[Date "2016.02.06"]
[Round "1"]
[White "Morris, Michael J"]
[Black "Pendergast, Michael J"]
[Result "0-1"]
[WhiteElo "2099"]
[BlackElo "2162"]
[PlyCount "100"]
[EventDate "2016.02.06"]
[EventType "tourn"]
[EventRounds "9"]
[EventCountry "USA"]

1. d4 e6 2. c4 Nf6 3. Nf3 b6 4. g3 Bb7 5. Bg2 g6 6. O-O Bg7 7. Nc3 Ne4 8. Nxe4
Bxe4 9. Be3 O-O 10. Qd2 d6 11. Rfd1 Nd7 12. Bh6 Qe7 13. Bxg7 Kxg7 14. Rac1 a5
15. a3 a4 16. Qe3 Bb7 17. d5 e5 18. Nd4 Rae8 19. Nb5 Nc5 20. Qc3 Kg8 21. e4 Bc8
22. Rf1 Qd8 23. Rce1 Bd7 24. f4 Bxb5 25. cxb5 Qd7 26. f5 f6 27. fxg6 hxg6 28.
Qc4 Kg7 29. Rf2 Ra8 30. Bf1 Qg4 31. Re3 f5 32. exf5 Qxc4 33. Bxc4 Rxf5 34. Rxf5
gxf5 35. Kg2 Kf6 36. Rc3 e4 37. Kf2 Ke5 38. Ke3 Rh8 39. h4 Rg8 40. Kf2 f4 41.
gxf4+ Kxf4 42. Be2 e3+ 43. Kf1 Ne4 44. Rc4 Ke5 45. Rxc7 Nd2+ 46. Ke1 Rg1+ 47.
Bf1 Rxf1+ 48. Ke2 Kd4 49. Re7 Rf2+ 50. Kd1 Kd3 0-1

[Event "Oregon Closed Championship"]
[Site "Portland, OR"]
[Date "2016.02.06"]
[Round "1"]
[White "Smail, Benedict A"]
[Black "Seitzer, Phillip"]
[Result "1-0"]
[WhiteElo "2218"]
[BlackElo "2176"]
[PlyCount "75"]
[EventDate "2016.02.06"]
[EventType "tourn"]
[EventRounds "9"]
[EventCountry "USA"]

1. d4 d5 2. c4 c6 3. Nf3 Nf6 4. Nc3 dxc4 5. a4 Bf5 6. Nh4 Bd7 7. e4 e6 8. Bxc4
Nxe4 9. Nf3 Qa5 10. Qd3 Bb4 11. O-O Nd6 12. Bb3 Na6 13. Ne5 O-O-O 14. Na2 Be8
15. Nxb4 Nxb4 16. Qc3 Ne4 17. Qe3 Nd6 18. Qe1 Qb6 19. a5 Qxd4 20. Bg5 f6 21.
Bxe6+ Kb8 22. Rd1 Qc5 23. Be3 Qb5 24. Nc4 Nf7 25. Rxd8+ Nxd8 26. Bf4+ Ka8 27.
Nd6 Qc5 28. Bc8 Nd5 29. Bg3 Bg6 30. a6 bxa6 31. Qe2 Nf7 32. Bb7+ Kb8 33. Ne4+
Kxb7 34. Nxc5+ Kb6 35. Nd7+ Kb7 36. Nc5+ Kb6 37. Rc1 Ne5 38. Qxa6+ 1-0

[Event "Oregon Closed Championship"]
[Site "Portland, OR"]
[Date "2016.02.06"]
[Round "1"]
[White "Gatica, Jose Miguel"]
[Black "Talyansky, Seth"]
[Result "1-0"]
[WhiteElo "2125"]
[BlackElo "2066"]
[PlyCount "77"]
[EventDate "2016.02.06"]
[EventType "tourn"]
[EventRounds "9"]
[EventCountry "USA"]

1. Nf3 d5 2. c4 c6 3. e3 Nf6 4. Nc3 e6 5. b3 Nbd7 6. Qc2 Bd6 7. Bb2 O-O 8. Be2
b6 9. cxd5 cxd5 10. Nb5 Bc5 11. a3 Bb7 12. b4 Be7 13. O-O Rc8 14. Qb3 a6 15.
Nc3 Ne4 16. d3 Nd6 17. Rfc1 Bf6 18. Na4 Qe7 19. Bxf6 Qxf6 20. d4 Nc4 21. b5
axb5 22. Qxb5 Bc6 23. Qb4 Ra8 24. Nb2 b5 25. Nxc4 bxc4 26. Qd6 Rfc8 27. a4 Rxa4
28. Rxa4 Bxa4 29. Qa6 Qd8 30. Qxa4 Ra8 31. Qc2 Nb8 32. g3 Nc6 33. Bf1 Ra3 34.
h4 g6 35. Qd1 Qa5 36. Ng5 Ra2 37. Qf3 Nd8 38. Rb1 h6 39. Rb8 1-0

[Event "Oregon Closed Championship"]
[Site "Portland, OR"]
[Date "2016.02.06"]
[Round "1"]
[White "Russell, Corey John"]
[Black "Bjorksten, Lennart"]
[Result "1/2-1/2"]
[WhiteElo "2207"]
[BlackElo "2155"]
[PlyCount "127"]
[EventDate "2016.02.06"]
[EventType "tourn"]
[EventRounds "9"]
[EventCountry "USA"]

1. d4 Nf6 2. c4 e6 3. a3 Be7 4. Nc3 d5 5. cxd5 exd5 6. Bg5 O-O 7. Qc2 Re8 8. e3
c6 9. Bd3 Nbd7 10. Nf3 Nf8 11. O-O Nh5 12. Bxe7 Qxe7 13. b4 a6 14. a4 Qxb4 15.
a5 g6 16. Rfb1 Qe7 17. Na4 Ng7 18. Rb3 Nd7 19. Rab1 Ne6 20. Rc1 Nc7 21. Qd2 Nb5
22. e4 dxe4 23. Bxe4 Nf6 24. Nc5 Be6 25. Re3 Qc7 26. Ng5 Bd5 27. Bxd5 Nxd5 28.
Rf3 Nd6 29. Nxh7 Qe7 30. Ng5 Nf4 31. Rxf4 Qxg5 32. h4 Qd5 33. Qb2 Re7 34. Qb4
Rae8 35. Nd3 Qb5 36. Qxd6 Qxd3 37. Rf3 Qd2 38. Rf1 Qxa5 39. Rg3 Qf5 40. Rg5 Rd7
41. Qg3 Qf6 42. h5 Rd5 43. Rxd5 cxd5 44. hxg6 fxg6 45. Rc1 Kg7 46. Qb3 Qf7 47.
Qg3 Re7 48. Rc8 Qf5 49. Qb8 Re1+ 50. Kh2 Qh5+ 51. Kg3 Qg5+ 52. Kf3 Qf6+ 53. Kg3
Re7 54. Rg8+ Kh7 55. Rf8 Qxd4 56. Rf4 Qc3+ 57. f3 Qc7 58. Qf8 g5 59. Qf5+ Kh6
60. Qf6+ Kh5 61. Qh8+ Rh7 62. Qe8+ Kh6 63. Qe6+ Kh5 64. Qe8+ 1/2-1/2

[Event "Oregon Closed Championship"]
[Site "Portland, OR"]
[Date "2016.02.06"]
[Round "1"]
[White "Austin, Jeff Jack"]
[Black "Haessler, Carl A"]
[Result "0-1"]
[WhiteElo "2008"]
[BlackElo "2239"]
[PlyCount "50"]
[EventDate "2016.02.06"]
[EventType "tourn"]
[EventRounds "9"]
[EventCountry "USA"]

1. d4 Nf6 2. c4 e6 3. Nf3 Nc6 4. a3 d5 5. Nc3 dxc4 6. e4 Na5 7. Bg5 c6 8. Be2
Be7 9. Qc2 b5 10. Rd1 O-O 11. d5 exd5 12. exd5 Nxd5 13. Bxe7 Qxe7 14. Nxd5 cxd5
15. Rxd5 a6 16. Re5 Qf6 17. O-O Bg4 18. Re1 Nc6 19. Ng5 g6 20. Rd5 Nd4 21. Ne4
Nxc2 22. Nxf6+ Kg7 23. Rc1 Bxe2 24. Nd7 Bd3 25. Nxf8 Kxf8 0-1

[Event "Oregon Closed Championship"]
[Site "Portland, OR"]
[Date "2016.02.06"]
[Round "2"]
[White "Pendergast, Michael J"]
[Black "Austin, Jeff Jack"]
[Result "1-0"]
[WhiteElo "2162"]
[BlackElo "2008"]
[PlyCount "93"]
[EventDate "2016.02.06"]
[EventType "tourn"]
[EventRounds "9"]
[EventCountry "USA"]

1. Nf3 d5 2. d4 Nf6 3. c4 c6 4. Qc2 dxc4 5. e4 b5 6. b3 cxb3 7. axb3 e6 8. Bd2
Bb7 9. Ba5 Qc8 10. Bd3 Nbd7 11. b4 Be7 12. Nc3 h6 13. e5 Nh5 14. Ne2 g5 15. Be4
Nb6 16. Nd2 Nd5 17. Qb3 Qd7 18. g3 f5 19. exf6 Nhxf6 20. Bg6+ Kf8 21. O-O Kg7
22. Bc2 Qe8 23. Rae1 Bc8 24. f4 Qh5 25. Be4 Bd7 26. Bf3 Qg6 27. Kh1 g4 28. Bg2
h5 29. Nc1 h4 30. Kg1 hxg3 31. hxg3 Rh5 32. Nd3 Bd6 33. Ne5 Bxe5 34. dxe5 Ng8
35. Ne4 Nge7 36. Nc5 Be8 37. Kf2 Bf7 38. Rh1 Rah8 39. Rxh5 Rxh5 40. Ne4 Bg8 41.
Qc2 Bh7 42. Qc5 Qf7 43. Nd6 Nxf4 44. Kg1 Nd3 45. Qxa7 Qf8 46. Rf1 Bf5 47. Qd4
1-0

[Event "Oregon Closed Championship"]
[Site "Portland, OR"]
[Date "2016.02.06"]
[Round "2"]
[White "Haessler, Carl A"]
[Black "Russell, Corey John"]
[Result "1-0"]
[WhiteElo "2239"]
[BlackElo "2207"]
[PlyCount "79"]
[EventDate "2016.02.06"]
[EventType "tourn"]
[EventRounds "9"]
[EventCountry "USA"]

1. b4 e5 2. Bb2 Bxb4 3. Bxe5 Nf6 4. c3 Be7 5. e3 O-O 6. Bd3 d6 7. Bg3 d5 8. Bc2
b6 9. f3 Ba6 10. Ne2 c5 11. d4 Nc6 12. a3 Re8 13. O-O Nh5 14. Bf2 Bg5 15. f4
Bxe2 16. Qxe2 Nxf4 17. Qb5 a6 18. Qxc6 Ne2+ 19. Kh1 Re6 20. Qa4 b5 21. Bxh7+
Kxh7 22. Qc2+ Kg8 23. Qxe2 cxd4 24. cxd4 Rc8 25. Nd2 Qe8 26. Rfe1 Rc2 27. Rac1
Rxc1 28. Rxc1 Bxe3 29. Bxe3 Rxe3 30. Qf2 Rxa3 31. Re1 Qd7 32. Nf3 b4 33. Qh4 f6
34. Qh5 b3 35. Re8+ Qxe8 36. Qxe8+ Kh7 37. Qh5+ Kg8 38. Qxd5+ Kh7 39. Kg1 b2
40. Nd2 1-0

[Event "Oregon Closed Championship"]
[Site "Portland, OR"]
[Date "2016.02.06"]
[Round "2"]
[White "Bjorksten, Lennart"]
[Black "Gatica, Jose Miguel"]
[Result "1/2-1/2"]
[WhiteElo "2155"]
[BlackElo "2125"]
[PlyCount "165"]
[EventDate "2016.02.06"]
[EventType "tourn"]
[EventRounds "9"]
[EventCountry "USA"]

1. d4 Nf6 2. c4 e6 3. Nc3 Bb4 4. e3 O-O 5. Nge2 d5 6. c5 c6 7. a3 Ba5 8. b4 Bc7
9. f4 Ne8 10. Ng3 Qh4 11. Qh5 Qxh5 12. Nxh5 f6 13. Be2 g6 14. Ng3 Ng7 15. O-O
e5 16. fxe5 fxe5 17. Rxf8+ Kxf8 18. Bb2 e4 19. Kf2 Nd7 20. b5 Nf6 21. h3 h5 22.
Bd1 Ke7 23. a4 Bd7 24. Nge2 Rf8 25. Kg1 Nf5 26. Bc1 g5 27. Bb3 g4 28. hxg4 hxg4
29. a5 a6 30. bxa6 bxa6 31. Bd2 Rb8 32. Bd1 g3 33. Na2 Ng4 34. Nb4 Rxb4 35.
Bxb4 Nfxe3 36. Be1 Nf5 37. Bc3 Nge3 38. Bd2 Nc4 39. Be1 Bc8 40. Bb3 Nce3 41.
Bd2 Ng4 42. Ra3 Kd7 43. Bd1 Nf2 44. Bc2 Ng4 45. Ra4 Nge3 46. Bb1 Ke6 47. Ba2
Nd1 48. Ra3 Ke7 49. Be1 Nde3 50. Bb3 Ng4 51. Ra1 Nf6 52. Bd2 Ng4 53. Rf1 Nf2
54. Bc2 Ke8 55. Bg5 Bxa5 56. Bf4 Ng4 57. Ba4 Bd7 58. Bxg3 Nge3 59. Rb1 Nxg3 60.
Nxg3 Bc7 61. Ne2 Kd8 62. Rb3 Nc4 63. g3 Kc8 64. Nf4 Nd2 65. Rb2 Nf3+ 66. Kf2
Nxd4 67. Ng6 Nf5 68. g4 Nd4 69. g5 Kd8 70. Kg2 Ne6 71. Rc2 Nxg5 72. Ra2 Nf3 73.
Bd1 Bf5 74. Nf8 Ke7 75. Rxa6 Kxf8 76. Bxf3 exf3+ 77. Kxf3 Be4+ 78. Ke2 Ke7 79.
Rxc6 Kd7 80. Rh6 Bf4 81. Rh4 Bg5 82. Rg4 Be7 83. Rxe4 1/2-1/2

[Event "Oregon Closed Championship"]
[Site "Portland, OR"]
[Date "2016.02.06"]
[Round "2"]
[White "Talyansky, Seth"]
[Black "Smail, Benedict A"]
[Result "1/2-1/2"]
[WhiteElo "2066"]
[BlackElo "2091"]
[PlyCount "86"]
[EventDate "2016.02.06"]
[EventType "tourn"]
[EventRounds "9"]
[EventCountry "USA"]

1. e4 d6 2. d4 Nf6 3. Nc3 g6 4. Be3 c6 5. a4 Qa5 6. f3 Nbd7 7. g4 e5 8. Nge2
Bg7 9. h4 O-O 10. h5 d5 11. h6 Bh8 12. g5 Nh5 13. exd5 exd4 14. Bxd4 Ne5 15.
Bg2 Re8 16. O-O cxd5 17. f4 Nc6 18. Bxh8 Kxh8 19. Qxd5 Qb6+ 20. Kh2 Be6 21. Qb5
Qc7 22. Qc5 Rad8 23. Nb5 Qa5 24. Ng3 Bg4 25. Nxh5 Bxh5 26. Bxc6 bxc6 27. b4
Rd2+ 28. Kg3 Qd8 29. Qc3+ f6 30. gxf6 Rxc2 31. Qxc2 Re3+ 32. Kf2 Re2+ 33. Qxe2
Bxe2 34. Kxe2 cxb5 35. Rac1 Kg8 36. axb5 Kf7 37. Rc6 Qd5 38. Rfc1 Qxb5+ 39. Kf3
Qd3+ 40. Kf2 Qh3 41. Rd6 Qh2+ 42. Kf3 Qh3+ 43. Kf2 Qh2+ 1/2-1/2

[Event "Oregon Closed Championship"]
[Site "Portland, OR"]
[Date "2016.02.06"]
[Round "2"]
[White "Seitzer, Phillip"]
[Black "Morris, Michael J"]
[Result "1/2-1/2"]
[WhiteElo "2176"]
[BlackElo "2099"]
[PlyCount "74"]
[EventDate "2016.02.06"]
[EventType "tourn"]
[EventRounds "9"]
[EventCountry "USA"]

1. e4 e5 2. Nf3 Nc6 3. d4 exd4 4. Nxd4 Bc5 5. Be3 Qf6 6. c3 Nge7 7. Bc4 Ne5 8.
Be2 Qg6 9. O-O d6 10. f3 O-O 11. Nd2 Bb6 12. Kh1 f5 13. f4 N5c6 14. Nxc6 Nxc6
15. Bxb6 axb6 16. Bf3 fxe4 17. Bxe4 Qh6 18. g3 Bh3 19. Re1 Ra5 20. Nf3 Bg4 21.
Bd5+ Kh8 22. b4 Ra3 23. Qc1 Bxf3+ 24. Bxf3 Raa8 25. a4 Rae8 26. Qd2 Qg6 27. Qg2
Rxe1+ 28. Rxe1 Re8 29. Rd1 h6 30. Qf2 Re7 31. Re1 Qd3 32. Bxc6 Rxe1+ 33. Qxe1
bxc6 34. Kg1 c5 35. a5 cxb4 36. cxb4 bxa5 37. bxa5 Qa6 1/2-1/2

[Event "Oregon Closed Championship"]
[Site "Portland, OR"]
[Date "2016.02.07"]
[Round "3"]
[White "Seitzer, Phillip"]
[Black "Pendergast, Michael J"]
[Result "0-1"]
[WhiteElo "2176"]
[BlackElo "2162"]
[PlyCount "151"]
[EventDate "2016.02.06"]
[EventType "tourn"]
[EventRounds "9"]
[EventCountry "USA"]

1. e4 e6 2. d4 d5 3. Nd2 Nf6 4. e5 Nfd7 5. Bd3 c5 6. c3 Nc6 7. Ne2 cxd4 8. cxd4
f6 9. exf6 Qxf6 10. Nf3 h6 11. O-O Bd6 12. Bb1 O-O 13. Qd3 Rd8 14. a3 Nf8 15.
Nc3 Bd7 16. Re1 Rac8 17. Bd2 Be8 18. Qe3 Bg6 19. Bxg6 Qxg6 20. Ne2 Re8 21. Nf4
Qf7 22. Nd3 Nd7 23. Rac1 Qh5 24. h3 Re7 25. Bb4 Bxb4 26. Nxb4 Ree8 27. Nxc6
Rxc6 28. Rxc6 bxc6 29. Rc1 e5 30. Rxc6 e4 31. Nd2 Qd1+ 32. Nf1 Rb8 33. b4 a5
34. Rc1 Qa4 35. bxa5 Qxa5 36. Qg3 Rf8 37. Rc7 Rf7 38. Qc3 Qa4 39. Ne3 Nf6 40.
Rxf7 Kxf7 41. Qc7+ Kg6 42. Qc5 Qb3 43. Qb4 Qa2 44. a4 Qa1+ 45. Kh2 Qa2 46. Qd6
Kh7 47. Qf4 Qxa4 48. Qf5+ Kh8 49. Nxd5 Qxd4 50. Nxf6 gxf6 51. Qg6 Qxf2 52.
Qxh6+ Kg8 53. Qg6+ Kh8 54. Qxe4 Kg7 55. Qg4+ Kh6 56. Qg3 Qc5 57. Qf4+ Kg6 58.
h4 Qb5 59. Kh3 Qd5 60. Qf3 Qc5 61. Qg4+ Kh6 62. Qf4+ Kg6 63. g4 Qc3+ 64. Qg3
Qd2 65. Qf3 Qd7 66. h5+ Kg7 67. Qe4 Qf7 68. Kh4 Kh6 69. Qd3 Qe8 70. Qd2+ Kg7
71. Qf2 Qe5 72. Qd2 Qe7 73. Qd3 Qf7 74. Qe4 Kh6 75. Qa8 Kg7 76. Qd8 0-1

[Event "Oregon Closed Championship"]
[Site "Portland, OR"]
[Date "2016.02.07"]
[Round "3"]
[White "Morris, Michael J"]
[Black "Talyansky, Seth"]
[Result "0-1"]
[WhiteElo "2176"]
[BlackElo "2066"]
[PlyCount "108"]
[EventDate "2016.02.06"]
[EventType "tourn"]
[EventRounds "9"]
[EventCountry "USA"]

1. d4 d5 2. c4 c6 3. cxd5 cxd5 4. Nf3 Nf6 5. Nc3 Nc6 6. Bf4 g6 7. e3 Qa5 8. Be2
Ne4 9. O-O Nxc3 10. bxc3 Qxc3 11. Ne5 Bg7 12. Rc1 Qb2 13. Nxc6 bxc6 14. Rxc6
O-O 15. Rc7 Qxa2 16. Rxe7 Be6 17. Bb5 a5 18. Qa1 Qxa1 19. Rxa1 Rfc8 20. Rc7 Bf8
21. f3 Bb4 22. Ba4 Rxc7 23. Bxc7 Rc8 24. Be5 Kf8 25. e4 Ke7 26. Kf1 f6 27. Bf4
Rc4 28. Rc1 dxe4 29. fxe4 Rxd4 30. Rc7+ Kd8 31. Rxh7 Rxe4 32. Bc7+ Kc8 33. Bg3
Bc4+ 34. Kg1 Bc5+ 35. Kh1 Re7 36. Rh8+ Kb7 37. Rb8+ Ka7 38. Rc8 Rb7 39. h4 Rb1+
40. Kh2 Bg1+ 41. Kh1 Bf2+ 42. Kh2 Bg1+ 43. Kh1 Bf2+ 44. Kh2 Bxg3+ 45. Kxg3 Bb5
46. Bxb5 Rxb5 47. Rg8 a4 48. Rxg6 a3 49. Rg7+ Kb6 50. Rg4 a2 51. Ra4 Ra5 52.
Rxa2 Rxa2 53. h5 Kc6 54. h6 Kd6 0-1

[Event "Oregon Closed Championship"]
[Site "Portland, OR"]
[Date "2016.02.07"]
[Round "3"]
[White "Smail, Benedict A"]
[Black "Bjorksten, Lennart"]
[Result "0-1"]
[WhiteElo "2091"]
[BlackElo "2155"]
[PlyCount "82"]
[EventDate "2016.02.06"]
[EventType "tourn"]
[EventRounds "9"]
[EventCountry "USA"]

1. d4 Nf6 2. c4 e6 3. Nc3 Bb4 4. e3 O-O 5. Nge2 c6 6. a3 Ba5 7. b4 Bc7 8. d5
cxd5 9. cxd5 Be5 10. f4 Bc7 11. Nd4 e5 12. fxe5 Bxe5 13. Be2 Qc7 14. Ncb5 Qb6
15. Bf3 Re8 16. Kf1 d6 17. Qd3 Bg4 18. Nc3 Nbd7 19. Bd2 Rac8 20. Kf2 Bh5 21.
Na4 Qd8 22. Rae1 Bg6 23. Nf5 b5 24. h4 bxa4 25. g4 Bb2 26. Qb1 Ne5 27. h5
Nfxg4+ 28. Ke2 Bxf5 29. Qxf5 Nh6 30. Qb1 Nxf3 31. Kxf3 Qf6+ 32. Ke2 Bc3 33.
Rhf1 Qd4 34. Qd3 Qg4+ 35. Rf3 Bxd2 36. Qxd2 Nf5 37. Kf2 Nh4 38. Rg3 Qf5+ 39.
Kg1 Nf3+ 40. Rxf3 Qxf3 41. h6 Re4 0-1

[Event "Oregon Closed Championship"]
[Site "Portland, OR"]
[Date "2016.02.07"]
[Round "3"]
[White "Gatica, Jose Miguel"]
[Black "Haessler, Carl A"]
[Result "0-1"]
[WhiteElo "2125"]
[BlackElo "2239"]
[PlyCount "78"]
[EventDate "2016.02.06"]
[EventType "tourn"]
[EventRounds "9"]
[EventCountry "USA"]

1. Nf3 g6 2. c4 Bg7 3. g3 e5 4. Nc3 c5 5. Bg2 Ne7 6. O-O O-O 7. e3 Nbc6 8. d4
exd4 9. exd4 cxd4 10. Nb5 Nf5 11. Bg5 Bf6 12. Bxf6 Qxf6 13. Qd2 d6 14. Rad1 Be6
15. b3 d5 16. c5 Rfc8 17. b4 a5 18. a3 axb4 19. axb4 d3 20. Rb1 Ra4 21. Rb2
Nfd4 22. Nfxd4 Nxd4 23. Nxd4 Qxd4 24. h3 Rca8 25. Kh2 h5 26. Re1 Kg7 27. Re3
Ra3 28. Bf3 Bf5 29. Re7 Rc3 30. Rxb7 Ra1 31. Bg2 Rcc1 32. Ra2 Rxa2 33. Qxa2 d2
34. Rxf7+ Kxf7 35. Qa7+ Kg8 36. Qb8+ Kg7 37. Qc7+ Kh6 38. Qe7 d1=Q 39. Qf8+ Qg7
0-1

[Event "Oregon Closed Championship"]
[Site "Portland, OR"]
[Date "2016.02.07"]
[Round "3"]
[White "Russell, Corey John"]
[Black "Austin, Jeff Jack"]
[Result "1-0"]
[WhiteElo "2207"]
[BlackElo "2008"]
[PlyCount "33"]
[EventDate "2016.02.06"]
[EventType "tourn"]
[EventRounds "9"]
[EventCountry "USA"]

1. d4 d5 2. c4 c6 3. Nf3 Nf6 4. Qc2 dxc4 5. e4 b5 6. Be2 Bb7 7. e5 Nd5 8. e6 f6
9. Ne5 Qc8 10. Bh5+ Kd8 11. Nf7+ Kc7 12. Nxh8 Qxe6+ 13. Qe2 Qg8 14. Bf7 Qxh8
15. Bxd5 cxd5 16. Qe6 g5 17. Nc3 1-0

[Event "Oregon Closed Championship"]
[Site "Portland, OR"]
[Date "2016.02.07"]
[Round "4"]
[White "Pendergast, Michael J"]
[Black "Russell, Corey John"]
[Result "1-0"]
[WhiteElo "2162"]
[BlackElo "2207"]
[PlyCount "73"]
[EventDate "2016.02.06"]
[EventType "tourn"]
[EventRounds "9"]
[EventCountry "USA"]

1. Nf3 c5 2. c4 Nf6 3. d4 cxd4 4. Nxd4 e5 5. Nb5 d5 6. cxd5 Bc5 7. N5c3 O-O 8.
g3 Re8 9. Bg2 e4 10. O-O Bf5 11. Na3 Nbd7 12. Nc2 Ne5 13. Be3 Bf8 14. Bd4 Bg6
15. Ne3 h5 16. Qb3 Qd7 17. Qb5 a6 18. Qxd7 Nexd7 19. Rac1 b5 20. Rc2 Rab8 21.
Rfc1 Nb6 22. a3 Bd6 23. Bh3 Be5 24. Rd2 Kf8 25. Rcd1 Nc4 26. Nxc4 bxc4 27. Bxe5
Rxe5 28. e3 Bf5 29. Bf1 Bg4 30. Rc1 Rd8 31. h3 Bf5 32. Kg2 Rd6 33. Bxc4 Bd7 34.
Rd4 g5 35. Rcd1 g4 36. h4 Ke7 37. b4 1-0

[Event "Oregon Closed Championship"]
[Site "Portland, OR"]
[Date "2016.02.07"]
[Round "4"]
[White "Austin, Jeff Jack"]
[Black "Gatica, Jose Miguel"]
[Result "0-1"]
[WhiteElo "2008"]
[BlackElo "2125"]
[PlyCount "86"]
[EventDate "2016.02.06"]
[EventType "tourn"]
[EventRounds "9"]
[EventCountry "USA"]

1. d4 Nf6 2. c4 e6 3. Nf3 c5 4. d5 exd5 5. cxd5 d6 6. Nc3 g6 7. e4 Bg7 8. Be2
O-O 9. O-O Bg4 10. h3 Bxf3 11. Bxf3 Na6 12. Bf4 Nc7 13. e5 Nfe8 14. exd6 Nxd6
15. Ne4 Nxe4 16. Bxe4 Qd7 17. Qb3 Nb5 18. Be3 Nd6 19. Bf3 b6 20. Rad1 Rfe8 21.
Be2 Re4 22. a3 Rae8 23. Bf3 Qa4 24. Rd3 Qxb3 25. Rxb3 Rc4 26. Rd1 Rc2 27. Bf4
Be5 28. Bxe5 Rxe5 29. a4 Kf8 30. g4 Ke7 31. a5 b5 32. Rc3 Rxc3 33. bxc3 a6 34.
Kg2 Nc4 35. Kg3 Kd6 36. Kf4 g5+ 37. Kg3 Nb2 38. Rb1 Na4 39. Rc1 c4 40. h4 h6
41. hxg5 hxg5 42. Kg2 f6 43. Kf1 Nb2 0-1

[Event "Oregon Closed Championship"]
[Site "Portland, OR"]
[Date "2016.02.07"]
[Round "4"]
[White "Haessler, Carl A"]
[Black "Smail, Benedict A"]
[Result "1/2-1/2"]
[WhiteElo "2239"]
[BlackElo "2091"]
[PlyCount "136"]
[EventDate "2016.02.06"]
[EventType "tourn"]
[EventRounds "9"]
[EventCountry "USA"]

1. e4 c5 2. Nf3 d6 3. c3 Nf6 4. Bd3 Nc6 5. Bc2 g6 6. O-O Bg7 7. Re1 O-O 8. h3
Re8 9. d4 cxd4 10. cxd4 e5 11. d5 Nd4 12. Nxd4 exd4 13. Nd2 Nd7 14. Nf3 Qb6 15.
Ba4 Rf8 16. Bxd7 Bxd7 17. Bf4 Rfd8 18. Qd2 Bb5 19. Bh6 d3 20. Rac1 Rac8 21.
Bxg7 Kxg7 22. Rc3 Qa6 23. Rec1 Rxc3 24. Qxc3+ Kg8 25. Qf6 Rf8 26. Rc7 Qb6 27.
Re7 Qd8 28. e5 dxe5 29. d6 e4 30. Ng5 d2 31. Qd4 Qa5 32. Nxe4 Rd8 33. Nxd2 Bc6
34. d7 Qg5 35. Re8+ Rxe8 36. dxe8=Q+ Bxe8 37. Ne4 Qc1+ 38. Kh2 Qc7+ 39. g3 Bc6
40. Nf6+ Kf8 41. Nxh7+ Kg8 42. Nf6+ Kf8 43. Qc5+ Qe7 44. Qxe7+ Kxe7 45. Ng4 Kd6
46. f4 Bd5 47. b3 Kc5 48. Ne3 Be4 49. Kg1 Kb4 50. g4 Ka3 51. Kf2 Kxa2 52. h4 g5
53. h5 Bh7 54. b4 gxf4 55. Nd5 Kb3 56. Kf3 Kc4 57. Nf6 Bg6 58. hxg6 fxg6 59.
Kxf4 Kxb4 60. Nd5+ Kc5 61. Ke4 a5 62. Nf4 g5 63. Ne6+ Kc4 64. Ke3 a4 65. Kd2 a3
66. Kc1 b5 67. Nxg5 b4 68. Ne4 Kd5 1/2-1/2

[Event "Oregon Closed Championship"]
[Site "Portland, OR"]
[Date "2016.02.07"]
[Round "4"]
[White "Bjorksten, Lennart"]
[Black "Morris, Michael J"]
[Result "1-0"]
[WhiteElo "2155"]
[BlackElo "2176"]
[PlyCount "89"]
[EventDate "2016.02.06"]
[EventType "tourn"]
[EventRounds "9"]
[EventCountry "USA"]

1. d4 Nf6 2. c4 g6 3. Nc3 Bg7 4. g3 O-O 5. Bg2 d6 6. Nf3 Nbd7 7. d5 e5 8. dxe6
fxe6 9. O-O a6 10. Nd4 Qe7 11. Bg5 h6 12. Bd2 Ne5 13. b3 h5 14. Qc2 Qf7 15. f4
Neg4 16. Nf3 c6 17. Rae1 Bd7 18. Ng5 Qe8 19. Nce4 d5 20. Nd6 Qe7 21. c5 Be8 22.
h3 Nh6 23. e4 Qd7 24. exd5 exd5 25. Ne6 Bf7 26. Nxf7 Rxf7 27. Qxg6 Rff8 28. Bc3
Rae8 29. Nxf8 Rxf8 30. Bxf6 Rxf6 31. Re8+ Rf8 32. Rxf8+ Kxf8 33. Re1 Nf5 34.
Kh2 d4 35. Be4 Ne3 36. Qxh5 Qe7 37. Qf3 Qxc5 38. Bd3 Qc3 39. Qe2 b5 40. Rb1 c5
41. Bg6 c4 42. bxc4 bxc4 43. Qf3 Qd2+ 44. Kh1 Bf6 45. Qe4 1-0

[Event "Oregon Closed Championship"]
[Site "Portland, OR"]
[Date "2016.02.07"]
[Round "4"]
[White "Talyansky, Seth"]
[Black "Seitzer, Phillip"]
[Result "1/2-1/2"]
[WhiteElo "2066"]
[BlackElo "2176"]
[PlyCount "80"]
[EventDate "2016.02.06"]
[EventType "tourn"]
[EventRounds "9"]
[EventCountry "USA"]

1. e4 c5 2. Nf3 Nc6 3. Bb5 Nf6 4. e5 Nd5 5. O-O g6 6. c3 Bg7 7. d4 cxd4 8. cxd4
O-O 9. Nc3 Nc7 10. Be2 d6 11. Bf4 dxe5 12. Bxe5 Nxe5 13. dxe5 Be6 14. Qa4 Nd5
15. Nxd5 Qxd5 16. Rfd1 Qc5 17. Rac1 Qb6 18. b3 Rfd8 19. Qh4 Rxd1+ 20. Rxd1 Re8
21. Bc4 h6 22. Qe4 Bxc4 23. Qxc4 Rd8 24. Rxd8+ Qxd8 25. g3 Qd7 26. Kg2 e6 27.
Qc5 b6 28. Qc3 Bf8 29. Qd4 Qxd4 30. Nxd4 Bc5 31. Nc6 b5 32. f4 Kf8 33. Kf3 Ke8
34. Ke4 Kd7 35. Nd4 a6 36. Nf3 Kc6 37. Ne1 Bg1 38. Nf3 Bf2 39. b4 Bb6 40. Nd4+
Kd7 1/2-1/2

[Event "Oregon Closed Championship"]
[Site "Portland, OR"]
[Date "2016.02.13"]
[Round "5"]
[White "Seitzer, Phillip"]
[Black "Bjorksten, Lennart"]
[Result "0-1"]
[WhiteElo "2176"]
[BlackElo "2155"]
[PlyCount "86"]
[EventDate "2016.02.06"]
[EventType "tourn"]
[EventRounds "9"]
[EventCountry "USA"]

1. Nf3 d5 2. d4 Nf6 3. c4 e6 4. g3 Bb4+ 5. Bd2 Bxd2+ 6. Nbxd2 O-O 7. Bg2 b6 8.
O-O Bb7 9. Ne5 Nfd7 10. Nd3 Qc8 11. cxd5 exd5 12. Rc1 Nc6 13. e3 Ne7 14. Qc2 c6
15. Nf3 Qc7 16. b4 Ba6 17. Rfd1 Bc4 18. a4 a5 19. Nde5 axb4 20. Nxc4 dxc4 21.
Qxc4 Qd6 22. Ng5 Qh6 23. h4 Rxa4 24. Ra1 b5 25. Qb3 Nb6 26. Rxa4 Nxa4 27. Qxb4
Nd5 28. Bxd5 cxd5 29. Rc1 Qa6 30. Qe7 h6 31. Nf3 Nb2 32. Ne5 Nc4 33. Nd7 Ra8
34. Rb1 Qa2 35. Qb4 Qc2 36. Qb3 Qf5 37. Nc5 Nd2 38. e4 Qh3 39. Qd3 Nxb1 40.
Qxb1 dxe4 41. Nxe4 Qf5 42. Qe1 Qe6 43. Qe3 Re8 0-1

[Event "Oregon Closed Championship"]
[Site "Portland, OR"]
[Date "2016.02.13"]
[Round "5"]
[White "Morris, Michael J"]
[Black "Haessler, Carl A"]
[Result "1/2-1/2"]
[WhiteElo "2176"]
[BlackElo "2239"]
[PlyCount "70"]
[EventDate "2016.02.06"]
[EventType "tourn"]
[EventRounds "9"]
[EventCountry "USA"]

1. e4 d6 2. d4 Nf6 3. Nc3 Nbd7 4. Nf3 e5 5. Bc4 Be7 6. O-O O-O 7. h3 c6 8. dxe5
dxe5 9. a4 Qc7 10. Qe2 a5 11. Bg5 Nc5 12. Rad1 Be6 13. Nd2 Rad8 14. Be3 Rd7 15.
Bxc5 Bxc5 16. Bxe6 fxe6 17. Qc4 Bd4 18. Qxe6+ Kh8 19. Nf3 Rfd8 20. Qb3 h6 21.
Rde1 Ba7 22. Qe6 Re8 23. Qc4 Nh5 24. Rd1 Rf7 25. Ne2 Rxf3 26. gxf3 Qe7 27. Qd3
Qh4 28. Qd7 Nf6 29. Qxb7 Bd4 30. c3 Qxh3 31. cxd4 Qxf3 32. Ng3 Ng4 33. Qxc6 Ne3
34. Qxe8+ Kh7 35. fxe3 Qxg3+ 1/2-1/2

[Event "Oregon Closed Championship"]
[Site "Portland, OR"]
[Date "2016.02.13"]
[Round "5"]
[White "Smail, Benedict A"]
[Black "Austin, Jeff Jack"]
[Result "1-0"]
[WhiteElo "2091"]
[BlackElo "2008"]
[PlyCount "73"]
[EventDate "2016.02.06"]
[EventType "tourn"]
[EventRounds "9"]
[EventCountry "USA"]

1. d4 d5 2. c4 c6 3. Nf3 Nf6 4. Nc3 e6 5. Bg5 h6 6. Bh4 dxc4 7. e4 g5 8. Bg3 b5
9. Be2 Bb7 10. h4 g4 11. Ne5 h5 12. O-O Nbd7 13. f4 Nxe5 14. fxe5 Nd7 15. a4 a6
16. d5 b4 17. Rxf7 Kxf7 18. dxe6+ Kg7 19. exd7 bxc3 20. bxc3 Bc5+ 21. Kh2 Rf8
22. e6 Qf6 23. Bxc4 Rad8 24. Qd2 Be7 25. Rb1 Ba8 26. Rf1 Qg6 27. Qd4+ Kh7 28.
Rf5 c5 29. Qe5 Rxf5 30. exf5 Qf6 31. Kg1 Bb7 32. Qxf6 Bxf6 33. Be5 Bxe5 34. e7
Rxd7 35. e8=Q Rd1+ 36. Kf2 g3+ 37. Ke2 1-0